000 00186 a2200097 4500
020 _a9781512453706
041 _aspa
100 _aHarold T.Rober
245 _aEl Pterodactilo
942 _cK
999 _c27528
_d27528